|
|
|
|
| LEADER |
00000nam a2200000Ia 4500 |
| 008 |
170808b1987 cr ||||| |||| 00| | spa d |
| 999 |
|
|
|c 1404
|d 1404
|
| 090 |
|
|
|a 06.01.01
|b 558
|
| 111 |
2 |
|
|a Encuentro Regional de Investigadores en Educación [1° : 1986 : Alajuela, C.R.]
|9 3050
|
| 245 |
1 |
0 |
|a Primer encuentro regional de investigadores en educación
|
| 260 |
|
|
|a San José, Costa Rica. :
|b Taller de Publicaciones Centro Regional de Occidente,
|c 1987
|
| 300 |
|
|
|a 212 páginas
|
| 650 |
|
0 |
|a INVESTIGACIÓN EDUCATIVA
|9 326
|
| 650 |
|
0 |
|a REFORMA DE LA EDUCACIÓN
|9 7
|
| 650 |
|
0 |
|a CALIDAD DE LA EDUCACIÓN
|9 11
|
| 650 |
|
0 |
|a FILOSOFÍA
|9 336
|
| 650 |
|
0 |
|a ENSEÑANZA INDIVIDUALIZADA
|9 3011
|
| 942 |
|
|
|i 00131
|h 06.01.01 558
|2 z
|c 01
|